| 000 | 00787nam a2200217Ia 4500 | ||
|---|---|---|---|
| 003 | GCL | ||
| 008 | 140319s9999 xx 000 0 ara d | ||
| 020 | _a1107358977 | ||
| 040 |
_aGCL / _cGCL |
||
| 082 | 0 | 4 |
_a370.118 _bك ا |
| 100 | 1 | _aكروبلى، ارثر جى | |
| 245 | 1 | 0 |
_aالابتكار فى التعليم والتعلم : _bدليل ارشادى للمدرسين ومسئولى التربية والتعليم / _cكروبلى، ارثر جى |
| 260 |
_aالقاهرة : _bدار الفجر للنشر والتوزيع ، _c2006 |
||
| 300 |
_a340 ص ؛ _c24 سم |
||
| 650 | 0 | 4 | _aالتعليم - مناهج |
| 650 | 0 | 4 | _aالابتكار |
| 650 | 0 | 4 | _aالمدرسون |
| 650 | 0 | 4 | _aالابداع |
| 650 | 0 | 4 | _aالتعليم - طرق تدريس |
| 942 |
_2ddc _cBK |
||
| 999 |
_c8329 _d8329 |
||